[Event "Zonal 2.5 Masculino Chile"]
[Site "Santiago de Chile CHI"]
[Date "2005.11.11"]
[Round "8.9"]
[White "Rios, Adan"]
[Black "Valdes, Alvaro"]
[Result "1/2-1/2"]
[WhiteElo "2259"]
[BlackElo "2254"]
[PlyCount "102"]
[EventDate "2005.11.07"]
[EventType "swiss"]
[EventRounds "9"]
[EventCountry "CHI"]
[Source "lmi"]
[SourceDate "2005.11.13"]

1. e4 c5 2. Nf3 d6 3. c3 Nf6 4. Be2 g6 5. O-O Bg7 6. Bb5+ Bd7 7. Bxd7+ Qxd7 8.
Re1 O-O 9. d4 Nc6 10. d5 Na5 11. Nbd2 Rfc8 12. Rb1 b5 13. b3 c4 14. b4 Nb7 15.
Nf1 a5 16. a3 axb4 17. cxb4 Ng4 18. h3 Ne5 19. Nxe5 dxe5 20. Ne3 Bh6 21. Nc2
Bxc1 22. Qxc1 Nd6 23. f4 f6 24. fxe5 fxe5 25. Qg5 Nf7 26. Qg3 Ra6 27. Rbd1 Rf8
28. Kh1 Rf6 29. Rf1 Nd6 30. Rxf6 exf6 31. Re1 Qa7 32. Qg4 Re8 33. Re2 Re7 34.
Qh4 Kg7 35. g4 h6 36. Kg2 Qa4 37. Qf2 Qb3 38. Re3 c3 39. Re2 Qc4 40. Qf3 Rf7
41. h4 Rc7 42. Kh3 Qb3 43. Rf2 Rf7 44. h5 g5 45. Re2 Nc4 46. Qf5 Nxa3 47. d6
Qb1 48. Qg6+ Kf8 49. Qxh6+ Ke8 50. Qh8+ Kd7 51. Qg8 Qf1+ 1/2-1/2

[Event "Zonal 2.5 Masculino Chile"]
[Site "Santiago de Chile CHI"]
[Date "2005.11.11"]
[Round "8.10"]
[White "Sepulveda, Jorge"]
[Black "Vargas, Ivan"]
[Result "0-1"]
[WhiteElo "2241"]
[BlackElo "2213"]
[PlyCount "50"]
[EventDate "2005.11.07"]
[EventType "swiss"]
[EventRounds "9"]
[EventCountry "CHI"]
[Source "lmi"]
[SourceDate "2005.11.13"]

1. e4 c5 2. Nf3 d6 3. d4 cxd4 4. Nxd4 Nf6 5. Nc3 g6 6. f4 Nfd7 7. Be3 Bg7 8.
Bc4 Nb6 9. Bb3 O-O 10. f5 Nc6 11. O-O a5 12. Kh1 Ne5 13. Nd5 a4 14. Ne6 Nxd5
15. Nxd8 Nxe3 16. Qe1 Nxf1 17. Bxf7+ Nxf7 18. Ne6 Bxe6 19. fxe6 Ng5 20. Qe2 a3
21. c3 axb2 22. Qxb2 Nxe4 23. Qxb7 Bxc3 24. Rb1 Nfd2 25. Rc1 Nf2+ 0-1

[Event "Zonal 2.5 Masculino Chile"]
[Site "Santiago de Chile CHI"]
[Date "2005.11.11"]
[Round "8.11"]
[White "Silva, Rodolfo"]
[Black "Richter Becerra, Hans"]
[Result "0-1"]
[WhiteElo "2179"]
[BlackElo "2144"]
[PlyCount "62"]
[EventDate "2005.11.07"]
[EventType "swiss"]
[EventRounds "9"]
[EventCountry "CHI"]
[Source "lmi"]
[SourceDate "2005.11.13"]

1. e4 c5 2. Nf3 e6 3. d4 cxd4 4. Nxd4 a6 5. Be2 Nf6 6. Bf3 Qc7 7. O-O Nc6 8.
Nxc6 bxc6 9. c4 d6 10. Bd2 Be7 11. Bc3 e5 12. Nd2 Be6 13. Rc1 a5 14. Qa4 Nd7
15. Qc2 O-O 16. Be2 Bg5 17. Rcd1 Nc5 18. Nf3 Bh6 19. Bd2 Bxd2 20. Rxd2 f5 21.
Bd3 fxe4 22. Bxe4 Nxe4 23. Qxe4 Rf4 24. Qd3 Bxc4 25. Qxd6 Qxd6 26. Rxd6 Bxf1
27. Kxf1 Raf8 28. Nxe5 Rxf2+ 29. Ke1 Rxb2 30. Nxc6 Rxa2 31. Rd7 Rxg2 0-1

[Event "Zonal 2.5 Masculino Chile"]
[Site "Santiago de Chile CHI"]
[Date "2005.11.11"]
[Round "8.12"]
[White "San Martin, Epiro"]
[Black "Maturana, Ignacio"]
[Result "1-0"]
[WhiteElo "2193"]
[BlackElo "2096"]
[PlyCount "59"]
[EventDate "2005.11.07"]
[EventType "swiss"]
[EventRounds "9"]
[EventCountry "CHI"]
[Source "lmi"]
[SourceDate "2005.11.13"]

1. d4 Nf6 2. c4 e5 3. dxe5 Ne4 4. Nd2 Nc5 5. Ngf3 b6 6. g3 Bb7 7. Bg2 a5 8. O-O
Nc6 9. b3 Be7 10. Bb2 h5 11. h4 O-O 12. Qc2 Re8 13. a3 Rb8 14. Bc3 Ne6 15. Bh3
Bf8 16. Rfd1 Qc8 17. Ne4 Ne7 18. Bxe6 dxe6 19. Nfg5 Ng6 20. e3 Be7 21. Qe2 Bxg5
22. Nxg5 Rd8 23. Qxh5 c5 24. Rd6 Rxd6 25. exd6 e5 26. Bxe5 Qf5 27. Qh7+ Kf8 28.
Bxg7+ Ke8 29. Qg8+ Kd7 30. Qxb8 1-0

[Event "Zonal 2.5 Masculino Chile"]
[Site "Santiago de Chile CHI"]
[Date "2005.11.12"]
[Round "9.1"]
[White "Vasquez, Rodrigo"]
[Black "Rojas, Luis"]
[Result "1-0"]
[WhiteElo "2506"]
[BlackElo "2435"]
[PlyCount "81"]
[EventDate "2005.11.07"]
[EventType "swiss"]
[EventRounds "9"]
[EventCountry "CHI"]
[Source "lmi"]
[SourceDate "2005.11.13"]

1. d4 d5 2. Nf3 e6 3. c4 c5 4. cxd5 exd5 5. Nc3 Nc6 6. Bg5 Be7 7. Bxe7 Ngxe7 8.
e3 c4 9. Be2 O-O 10. O-O b5 11. a3 Rb8 12. Re1 Re8 13. Qd2 Nf5 14. Qc2 Be6 15.
Nd2 Qg5 16. Bf1 Nd6 17. b4 Ra8 18. g3 a5 19. Qb2 Ra6 20. Bg2 Rea8 21. bxa5 Rxa5
22. h4 Qh5 23. Bf3 Qf5 24. e4 dxe4 25. Ncxe4 Nb7 26. Nc3 Bd7 27. Be4 Qh5 28.
Nxc4 bxc4 29. Qxb7 R8a7 30. Qxd7 Rxd7 31. Bf3 Rd8 32. Bxh5 Rxh5 33. d5 Na5 34.
Re7 Rf5 35. Rae1 g6 36. Kg2 Kf8 37. Ra7 Nb3 38. Rc7 Na5 39. Ree7 Rb8 40. Ne4
Rb3 41. Nd6 1-0

[Event "Zonal 2.5 Masculino Chile"]
[Site "Santiago de Chile CHI"]
[Date "2005.11.12"]
[Round "9.2"]
[White "Needleman, Alejandro"]
[Black "Flores, Diego"]
[Result "0-1"]
[WhiteElo "2377"]
[BlackElo "2479"]
[PlyCount "84"]
[EventDate "2005.11.07"]
[EventType "swiss"]
[EventRounds "9"]
[EventCountry "CHI"]
[Source "lmi"]
[SourceDate "2005.11.13"]

1. Nf3 c5 2. g3 Nc6 3. c4 e5 4. Nc3 g6 5. d3 Bg7 6. Rb1 Nge7 7. Bg2 O-O 8. a3
a5 9. O-O d6 10. Ne1 Be6 11. Nc2 d5 12. cxd5 Nxd5 13. Nxd5 Bxd5 14. Bxd5 Qxd5
15. Ne3 Qe6 16. a4 Rad8 17. f3 f5 18. Nc4 e4 19. Bg5 Rde8 20. Kg2 Nd4 21. Be3
exf3+ 22. exf3 Qd5 23. Bxd4 Bxd4 24. Re1 g5 25. Qb3 g4 26. Nxa5 gxf3+ 27. Kf1
Qxb3 28. Nxb3 Be3 29. a5 f4 30. gxf4 Kf7 31. Rxe3 Rxe3 32. Kf2 Re2+ 33. Kxf3
Rc2 34. d4 cxd4 35. Nxd4 Rxh2 36. b4 Rd8 37. Ke4 Kf6 38. Nb3 Re2+ 39. Kf3 Rde8
40. Nc5 R8e3+ 41. Kg4 Rg2+ 42. Kh4 Rh2+ 0-1

[Event "Zonal 2.5 Masculino Chile"]
[Site "Santiago de Chile CHI"]
[Date "2005.11.12"]
[Round "9.3"]
[White "Giaccio, Alfredo"]
[Black "Arancibia, Eduardo"]
[Result "1-0"]
[WhiteElo "2468"]
[BlackElo "2414"]
[PlyCount "79"]
[EventDate "2005.11.07"]
[EventType "swiss"]
[EventRounds "9"]
[EventCountry "CHI"]
[Source "lmi"]
[SourceDate "2005.11.13"]

1. e4 c5 2. Nf3 e6 3. d4 cxd4 4. Nxd4 a6 5. Bd3 Qc7 6. Qe2 d6 7. f4 Nc6 8. Nxc6
bxc6 9. O-O g6 10. Nd2 Bg7 11. Nf3 Ne7 12. Rb1 O-O 13. b3 d5 14. e5 c5 15. c4
Bb7 16. Qf2 a5 17. Be3 d4 18. Bd2 h6 19. a3 Rfd8 20. Qe2 Nf5 21. g4 Ne3 22.
Bxe3 dxe3 23. Qxe3 Qc6 24. Rbd1 Rd4 25. Rd2 Rad8 26. Rff2 Bf8 27. a4 Be7 28.
Kf1 Rc8 29. f5 Bf8 30. fxg6 fxg6 31. Bxg6 Rxd2 32. Nxd2 Qh1+ 33. Ke2 Bg7 34.
Be4 Bxe4 35. Nxe4 Qa1 36. Nf6+ Bxf6 37. exf6 Kf7 38. Qd3 Qe5+ 39. Kf1 Rc7 40.
Qh7+ 1-0

[Event "Zonal 2.5 Masculino Chile"]
[Site "Santiago de Chile CHI"]
[Date "2005.11.12"]
[Round "9.5"]
[White "Espinoza, Edgar"]
[Black "Labollita, Martin"]
[Result "0-1"]
[WhiteElo "2256"]
[BlackElo "2408"]
[PlyCount "94"]
[EventDate "2005.11.07"]
[EventType "swiss"]
[EventRounds "9"]
[EventCountry "CHI"]
[Source "lmi"]
[SourceDate "2005.11.13"]

1. c4 Nf6 2. g3 c6 3. Bg2 d5 4. Qc2 Bg4 5. Nf3 e6 6. O-O Nbd7 7. b3 Bd6 8. Bb2
O-O 9. d3 Qe7 10. a3 Rac8 11. Nbd2 e5 12. e4 dxe4 13. dxe4 Bxf3 14. Nxf3 a5 15.
Bh3 Rcd8 16. Rfe1 Rfe8 17. Nh4 g6 18. Ng2 Nf8 19. Kh1 Bc5 20. f4 Bd4 21. Nh4
Bxb2 22. Qxb2 exf4 23. e5 Nh5 24. Qc3 fxg3 25. hxg3 Qg5 26. Kh2 Rd2+ 27. Bg2
Red8 28. Qe3 Ne6 29. Qxg5 Nxg5 30. Re3 R8d3 31. Rae1 Kf8 32. b4 a4 33. b5 cxb5
34. cxb5 b6 35. e6 Nxe6 36. Nf3 Rxe3 37. Rxe3 Rb2 38. Re5 Nf6 39. Kh3 Rb3 40.
Re1 Rxb5 41. Ne5 Rb3 42. Rf1 Kg7 43. Nc4 Ng5+ 44. Kh4 Nge4 45. Bf3 g5+ 46. Kh3
Rxf3 47. Rb1 Rxg3+ 0-1

[Event "Zonal 2.5 Masculino Chile"]
[Site "Santiago de Chile CHI"]
[Date "2005.11.12"]
[Round "9.6"]
[White "Valdes, Alvaro"]
[Black "Duarte, Leonardo"]
[Result "1/2-1/2"]
[WhiteElo "2254"]
[BlackElo "2397"]
[PlyCount "78"]
[EventDate "2005.11.07"]
[EventType "swiss"]
[EventRounds "9"]
[EventCountry "CHI"]
[Source "lmi"]
[SourceDate "2005.11.13"]

1. c4 Nf6 2. Nc3 g6 3. g3 Bg7 4. Bg2 O-O 5. e4 d6 6. Nge2 e5 7. O-O Nh5 8. d3
f5 9. f4 Nc6 10. Be3 Be6 11. Qd2 Qd7 12. Rae1 Rae8 13. b3 fxe4 14. Nxe4 Bh3 15.
fxe5 Bxg2 16. Kxg2 Nxe5 17. N2c3 c6 18. d4 Ng4 19. Bg1 Ngf6 20. Nxf6+ Nxf6 21.
d5 c5 22. h3 a6 23. a4 Rf7 24. Rxe8+ Qxe8 25. Re1 Re7 26. Rxe7 Qxe7 27. Qe3 Kf7
28. Qxe7+ Kxe7 29. Kf3 Nd7 30. Ne4 Ne5+ 31. Ke2 Nf7 32. Be3 Be5 33. g4 Kd7 34.
Ng5 Nxg5 35. Bxg5 Ke8 36. Kd3 Bh2 37. Ke4 Be5 38. Bd2 Bh2 39. Be3 Bg3 1/2-1/2

[Event "Zonal 2.5 Masculino Chile"]
[Site "Santiago de Chile CHI"]
[Date "2005.11.12"]
[Round "9.7"]
[White "Flores, Mauricio"]
[Black "Romero, Claudio"]
[Result "1-0"]
[WhiteElo "2314"]
[BlackElo "2226"]
[PlyCount "173"]
[EventDate "2005.11.07"]
[EventType "swiss"]
[EventRounds "9"]
[EventCountry "CHI"]
[Source "lmi"]
[SourceDate "2005.11.13"]

1. e4 c5 2. Nf3 a6 3. c3 d5 4. e5 Nc6 5. d4 Bg4 6. Nbd2 e6 7. a3 c4 8. Be2 Nge7
9. O-O Nc8 10. Ne1 Bxe2 11. Qxe2 h5 12. f4 N8e7 13. Ndf3 Nf5 14. g3 Be7 15. Ng2
Na5 16. Be3 Nb3 17. Rab1 a5 18. Nd2 Nxd2 19. Bxd2 a4 20. Rf3 Qb6 21. Rff1 g6
22. Kf2 Ra5 23. Qd1 Kd7 24. h3 Raa8 25. g4 hxg4 26. hxg4 Ng7 27. Rh1 Qb3 28.
Qxb3 axb3 29. Kg3 Rag8 30. Ra1 Ne8 31. Ne3 Nc7 32. Kf3 Na8 33. Rag1 Nb6 34. Bc1
Na4 35. Nd1 b5 36. Ke2 Ke8 37. Be3 Bxa3 38. bxa3 b2 39. Nxb2 Nxb2 40. Rb1 Rxh1
41. Rxh1 Ke7 42. Rb1 Na4 43. Bd2 Rb8 44. Kd1 Kf8 45. Kc2 Kg7 46. Be1 Kf8 47.
Bh4 Ke8 48. Bf6 Kd7 49. Rh1 Rg8 50. Rh7 Ke8 51. Bg5 Nb6 52. Rh6 Na4 53. Rh2 Kd7
54. Rh1 Nb6 55. Bf6 Na4 56. Kd2 Nb6 57. Rh3 Na4 58. Rh7 Ke8 59. Bg5 Nb6 60. Bf6
Na4 61. Bh4 Nb6 62. Ke3 Na4 63. Be1 Nb6 64. Kf3 Na4 65. Bd2 Nb2 66. Rh1 Na4 67.
Rb1 Kd7 68. Rxb5 Kc6 69. Ra5 Nb2 70. Ra7 Rh8 71. Kg2 Rh4 72. Be1 Rxg4+ 73. Bg3
g5 74. Kf3 Rxg3+ 75. Kxg3 gxf4+ 76. Kxf4 Nd1 77. Rxf7 Nxc3 78. Re7 Nb5 79.
Rxe6+ Kb7 80. Ke3 Nxa3 81. Rd6 Nc2+ 82. Kd2 Nxd4 83. Rxd5 Nf5 84. e6 c3+ 85.
Kc1 Ne3 86. Rd3 Nf5 87. e7 1-0

[Event "Zonal 2.5 Masculino Chile"]
[Site "Santiago de Chile CHI"]
[Date "2005.11.12"]
[Round "9.8"]
[White "Vargas, Ivan"]
[Black "Rios, Adan"]
[Result "1/2-1/2"]
[WhiteElo "2213"]
[BlackElo "2259"]
[PlyCount "92"]
[EventDate "2005.11.07"]
[EventType "swiss"]
[EventRounds "9"]
[EventCountry "CHI"]
[Source "lmi"]
[SourceDate "2005.11.13"]

1. d4 d5 2. Nf3 Nf6 3. c4 c6 4. Nc3 e6 5. Bg5 Nbd7 6. e3 Be7 7. Rc1 O-O 8. cxd5
Nxd5 9. Bxe7 Qxe7 10. Qb3 N5f6 11. Be2 e5 12. O-O exd4 13. Nxd4 Ne5 14. h3 Ng6
15. Rfd1 Nh4 16. Nf3 Ng6 17. Nd4 Rd8 18. Rd2 c5 19. Nf3 Rxd2 20. Nxd2 Be6 21.
Bc4 Bxc4 22. Nxc4 b6 23. Rd1 Nh4 24. e4 Nxe4 25. Nxb6 Qg5 26. g4 axb6 27. Nxe4
Qf4 28. Qxb6 Rf8 29. Rd8 Nf3+ 30. Kg2 Nh4+ 31. Kg1 Nf3+ 32. Kg2 Nh4+ 33. Kg1
Qxe4 34. Rxf8+ Kxf8 35. Qd8+ Qe8 36. Qxh4 Qe1+ 37. Kg2 Qe4+ 38. f3 Qd5 39. b3
Kg8 40. Qf2 h5 41. Qe3 c4 42. bxc4 Qa5 43. Qe8+ Kh7 44. Qe4+ Kg8 45. Qe8+ Kh7
46. Qe4+ Kg8 1/2-1/2

[Event "Zonal 2.5 Masculino Chile"]
[Site "Santiago de Chile CHI"]
[Date "2005.11.12"]
[Round "9.9"]
[White "Bartucevic, Diego"]
[Black "Diaz, Robert"]
[Result "0-1"]
[WhiteElo "2053"]
[BlackElo "2250"]
[PlyCount "114"]
[EventDate "2005.11.07"]
[EventType "swiss"]
[EventRounds "9"]
[EventCountry "CHI"]
[Source "lmi"]
[SourceDate "2005.11.13"]

1. e4 e6 2. d4 d5 3. Nc3 Bb4 4. exd5 exd5 5. Bd3 Nf6 6. Nge2 O-O 7. O-O Re8 8.
Bg5 c6 9. Ng3 h6 10. Bf4 Be6 11. Re1 Nbd7 12. Qd2 Bf8 13. Bf5 Nb6 14. Bxe6 fxe6
15. b3 Rc8 16. Nce2 Bd6 17. c3 Qc7 18. Bxd6 Qxd6 19. Nc1 Nbd7 20. Nd3 c5 21.
Ne5 Rc7 22. f4 cxd4 23. cxd4 Rec8 24. Rac1 Qb6 25. Rxc7 Rxc7 26. f5 Nf8 27. Rd1
Re7 28. Nf3 Ne4 29. Nxe4 dxe4 30. Nh4 e5 31. Qf2 exd4 32. Qxd4 Qxd4+ 33. Rxd4
Kf7 34. g4 Kf6 35. Ng2 Ke5 36. Rc4 Nh7 37. Kf2 Rd7 38. Ke2 Nf6 39. h3 h5 40.
Ne3 hxg4 41. h4 Kf4 42. Rc3 Kg3 43. Nc4+ Kxh4 44. Ne5 Rd5 45. Ng6+ Kg5 46. Rc7
Rd6 47. Rc5 g3 48. Nf8 g2 49. Kf2 Rd2+ 50. Kg1 Nd5 51. Ne6+ Kxf5 52. Nxg7+ Kg4
53. Ne6 Kg3 54. Rc1 e3 55. Ng5 Nf4 56. Ne4+ Kf3 57. Ng5+ Kg4 0-1

[Event "Zonal 2.5 Masculino Chile"]
[Site "Santiago de Chile CHI"]
[Date "2005.11.12"]
[Round "9.10"]
[White "Richter Becerra, Hans"]
[Black "San Martin, Epiro"]
[Result "0-1"]
[WhiteElo "2144"]
[BlackElo "2193"]
[PlyCount "72"]
[EventDate "2005.11.07"]
[EventType "swiss"]
[EventRounds "9"]
[EventCountry "CHI"]
[Source "lmi"]
[SourceDate "2005.11.13"]

1. d4 Nf6 2. Nf3 d6 3. c4 Nbd7 4. g3 e5 5. Bg2 Be7 6. O-O O-O 7. Qc2 c6 8. Nc3
Re8 9. h3 Bf8 10. e4 a6 11. Rd1 Qc7 12. Be3 b5 13. a3 Bb7 14. cxb5 cxb5 15. d5
Rac8 16. Bf1 Be7 17. Bd3 Qb8 18. Qe2 Bd8 19. Nh4 g6 20. Qf3 Nh5 21. Nf5 f6 22.
Bh6 Bb6 23. Ne2 Kf7 24. g4 Nf4 25. Ng7 Rg8 26. Bxf4 Kxg7 27. Bd2 Rc7 28. Qg3
Nc5 29. Be3 Rh8 30. h4 h5 31. Qf3 Bc8 32. g5 fxg5 33. hxg5 Rf8 34. Qh1 Bg4 35.
Ng3 Bxd1 36. Rxd1 Nxd3 0-1

[Event "Zonal 2.5 Masculino Chile"]
[Site "Santiago de Chile CHI"]
[Date "2005.11.12"]
[Round "9.11"]
[White "Henriquez, Mauricio"]
[Black "Torres, Cristobal"]
[Result "0-1"]
[WhiteElo "2090"]
[BlackElo "2190"]
[PlyCount "80"]
[EventDate "2005.11.07"]
[EventType "swiss"]
[EventRounds "9"]
[EventCountry "CHI"]
[Source "lmi"]
[SourceDate "2005.11.13"]

1. Nf3 Nf6 2. g3 d5 3. b3 Bf5 4. Bb2 Nbd7 5. Bg2 h6 6. d3 e6 7. Nbd2 Be7 8. c4
c6 9. Qc2 Bh7 10. O-O O-O 11. Rad1 a5 12. a3 b5 13. Qc1 Qb6 14. Qa1 Rab8 15.
cxb5 Qxb5 16. Ne5 Nc5 17. Rb1 Rfc8 18. Rfc1 Bf8 19. Qa2 Nfd7 20. Ba1 Bd6 21. b4
Bxe5 22. bxc5 Qa4 23. Bxe5 Nxe5 24. Rxb8 Rxb8 25. Rb1 Rxb1+ 26. Qxb1 Bg6 27.
Qb8+ Kh7 28. Qxe5 Qxa3 29. Qd6 Qc1+ 30. Bf1 Qxd2 31. Qxc6 Qc3 32. Qb6 a4 33. c6
a3 34. c7 a2 35. Qa6 a1=Q 36. Qxa1 Qxa1 37. c8=Q Bf5 38. Kg2 Bh3+ 39. Kxh3
Qxf1+ 40. Kg4 Qxe2+ 0-1

[Event "Zonal 2.5 Masculino Chile"]
[Site "Santiago de Chile CHI"]
[Date "2005.11.12"]
[Round "9.13"]
[White "Maturana, Ignacio"]
[Black "Silva, Rodolfo"]
[Result "0-1"]
[WhiteElo "2096"]
[BlackElo "2179"]
[PlyCount "78"]
[EventDate "2005.11.07"]
[EventType "swiss"]
[EventRounds "9"]
[EventCountry "CHI"]
[Source "lmi"]
[SourceDate "2005.11.13"]

1. e4 e6 2. d4 d5 3. e5 c5 4. c3 Nc6 5. Nf3 Qb6 6. Bd3 Bd7 7. O-O cxd4 8. cxd4
Nxd4 9. Nxd4 Qxd4 10. Nc3 Ne7 11. Re1 Qb6 12. Qg4 Ng6 13. Be3 Qxb2 14. Bd4 h5
15. Qg3 Qb4 16. Nxd5 Qa5 17. Ne3 h4 18. Qg4 Nxe5 19. Bxe5 Qxe5 20. Nc4 Qf6 21.
Ne5 Bc5 22. Nxd7 Kxd7 23. Bb5+ Ke7 24. Qe4 Rab8 25. Kh1 h3 26. g3 Qxf2 27. Rf1
Qg2+ 28. Qxg2 hxg2+ 29. Kxg2 Rbd8 30. h3 Rd2+ 31. Kf3 Rxh3 32. Rad1 Rhh2 33.
Rxd2 Rxd2 34. Rc1 b6 35. Bc4 Rf2+ 36. Kg4 f5+ 37. Kh3 Kf6 38. Re1 e5 39. g4 g5
0-1